01673nam a2200373 a 4500001001000000003000500010005001700015008004100032010001100073011001100084040000900095090001000104100004400114245015800158260004100316500006000357502011500417590004100532590004000573590004000613590004000653590004000693650005500733650003500788650003100823650005700854856007000911901000700981942001000988942000600998999001901004952013601023952014001159000112853CHAP20220329144325.0170120s2016 mx a fsm |||||||spa d a109314 a110286 cCHAP aTesis1 aMiranda Borbolla, José Alfredo97606010aCapital social y apertura económica en el desempeño financiero del sector agropecuario mexicano /h[En línea]cpor José Alfredo Miranda Borbolla. aChapingo, Méx. :bEl autor,c2016. aPara ver el contenido del material haga clic en la liga aTesis (Ph.D. en Ciencias en Economía Agrícola) -- UACH. División de Ciencias Económico Administrativas aE11695DGDb10c20170201lUCH01h0905 aE6096MTMb05c20170130lUCH01h1502 aE6096MTMb05c20170131lUCH01h1433 aE8697GMMb05c20170120lUCH01h0929 aE8697GMMb05c20170120lUCH01h093214aAgriculturaxAspectos económicoszMéxico9131214aEmpresas agropecuarias.93664914aFinanzasxMéxico.94094314aGanaderíaxAspectos económicosxMéxico.944636 aFinding aiduhttp://10.13.5.2/tesis/sist112853.pdfzTeclea aquí aBK cTESIS n0 c109314d109314 00104054718TESISaBCbBCd2017-01-20fTESISl0oTESISp33724002527793r2019-12-31 00:00:00w2019-12-31yTESISzRecien adquirido 00102local4053708TESISaBCbBCcPA_TESISd2017-01-20fTESISl0oTESISp33724002527876r2019-12-31 00:00:00tc.2w2019-12-31yTESIS